Catàleg del Col·legi de Periodistes de Catalunya

No me hagas pensar, "actualización" (Registre núm. 6919)

000 -CABECERA
Longitud fija campo de control 00701nam a22002177a 4500
003 - IDENTIFICADOR DEL NÚMERO DE CONTROL
Identificador del número de control OSt
005 - FECHA Y HORA DE LA ÚLTIMA TRANSACCIÓN
Fecha y hora de la última transacción 20160321170809.0
008 - CÓDIGOS DE INFORMACIÓN DE LONGITUD FIJA
Códigos de información de longitud fija 160321s2015 sp a | |||| 001 0 spa d
020 ## - NÚMERO INTERNACIONAL NORMALIZADO PARA LIBROS
Número Internacional Normalizado para Libros (ISBN) 9788441537279
040 ## - FUENTE DE LA CATALOGACIÓN
Centro transcriptor CDMR
100 1# - PUNTO DE ACCESO PRINCIPAL-NOMBRE DE PERSONA
Nombre de persona Krug, Steve
245 10 - MENCIÓN DE TÍTULO
Título No me hagas pensar, "actualización"
Resto del título : una aproximación a la usabilidad y los móviles
Mención de responsabilidad, etc. Steve Krug ; [traductor, Gustavo Pérez Martínez]
250 ## - MENCIÓN DE EDICIÓN
Mención de edición 3ª ed.
260 ## - PUBLICACIÓN, DISTRIBUCIÓN, ETC. (PIE DE IMPRENTA)
Lugar de publicación, distribución, etc. Madrid
Nombre del editor, distribuidor, etc. Anaya Multimedia
Fecha de publicación, distribución, etc. D.L. 2015
300 ## - DESCRIPCIÓN FÍSICA
Extensión 212 p.
Otras características físicas il.
Dimensiones 23 cm
504 ## - NOTA DE BIBLIOGRAFÍA, ETC
Nota de bibliografía, etc. Inclou referències bibliogràfiques i índex
650 04 - PUNTO DE ACCESO ADICIONAL DE MATERIA - TÉRMINO DE MATERIA
Término de materia o nombre geográfico como elemento inicial Edició de webs
Subdivisión de materia general Disseny
9 (RLIN) 3186
650 04 - PUNTO DE ACCESO ADICIONAL DE MATERIA - TÉRMINO DE MATERIA
Término de materia o nombre geográfico como elemento inicial Edició de webs
Subdivisión de materia general Desenvolupament
9 (RLIN) 3186
942 ## - ENTRADA DE ELEMENTOS AGREGADOS (KOHA)
Koha [por defecto] tipo de item Monografies
956 ## - LOCALIZACIÓN Y ACCESO ELECTRÓNICO LOCAL (OCLC)
Nombre de la fuente 2
Fons
Suprimido Perdido Estropeado No para préstamo Localización permanente Localización actual Fecha adquisición Fuente de adquisición Coste, precio normal de compra Préstamos totales Renovaciones totales Signatura completa Código de barras Fecha última consulta Fecha último préstamo Coste, precio reemplazado Fecha del precio de reemplazo Tipo de item de Koha
        Centre de Documentació Montserrat Roig Centre de Documentació Montserrat Roig 2016-03-21 Intercanvi 19.95 3 2 Cq 25 CDMR16030006 2017-09-27 2017-09-06 19.95 2016-03-21 Monografies

Implantat amb Koha